| 000 | 00622nam a2200193 i 4500 | ||
|---|---|---|---|
| 001 | 182362 | ||
| 003 | ES-MaACL | ||
| 005 | 20230906221605.0 | ||
| 008 | 130806s1987 sp | |||| ||spa d | ||
| 020 | _a84-404-0036-5 | ||
| 080 | _a297 | ||
| 100 | 1 |
_aAhmad, Tahir. _9153132 |
|
| 245 | 1 | 0 |
_aRenacimiento de la religión _b: discurso pronunciado por Hazrat Mirza Tahir Ahmad / _c[translated by Ata Ilahi Mansur]. |
| 250 | _a[1ª ed.]. | ||
| 260 |
_a[Pedro Abad (Córdoba) : _bMisión Ahmadia del Islam], _c1987. |
||
| 300 |
_a16 p. : _bil. ; _c22 cm. |
||
| 650 | 4 |
_aAhmadiyya. _9153180 |
|
| 852 |
_aES-MaACL _j2319-F-25 |
||
| 999 |
_c182362 _d182362 |
||